000 00603nam a22001937i 4500
999 _c23584
_d23584
003 AR-CdUCM
008 260401b20232023 pe|a||| |||| 00| 0 spa d
020 _a978-612-4195-68-6
040 _aMUNICIPALIDAD PROVINCIAL DEL CUSCO
_cBIBLIOTECA MUNICIPAL DEL CUSCO
041 _hspa
082 _22°edición
_aEP / 398.6
_bC78
100 _aCorcuera, Arturo
_94604
245 _aEl libro de las adivinanzas :
260 _aBreña Lima-Perú:
_bEdiciones El Nocedal SAC.
_c2023
300 _a54 páginas. :
_c21x21 cm.
650 _aAdivinanzas
_934933
942 _2ddc
_cLIBROS
945 _apbjr
_d01-04-2026